| 000 | 00000nam##2200000za#4500 |
| 001 | 9.664648 |
| 003 | CaOODSP |
| 005 | 20210615121743 |
| 007 | ta |
| 008 | 150407|1993||||xxc||||| f|0| 0 fre|d |
| 040 | |aCaOODSP|bfre |
| 041 | |aeng |
| 041 | |afre |
| 043 | |an-cn--- |
| 086 | 1 |aCH37-4/1-1993 |
| 110 | 1 |aCanada.|bPatrimoine canadien. |bDirection des droits de la personne. |
| 245 | 10|aCharte canadienne des droits et libertés |
| 260 | |aOttawa - Ontario : |bPatrimoine canadien. |c1993. |
| 300 | |a1 feuille. : |bill. ; |c28 cm. |
| 563 | |aAffiche |
| 590 | |a03-18|b2003-05-02 |
| 691 | 07|aCharte des droits et libertés|2gcpds |
| 691 | 07|aDroits civils|2gcpds |
| 776 | 0#|tCharte canadienne des droits et libertés.|w(CaOODSP)9.644021 |
| 776 | 0#|tThe Canadian Charter of Rights and Freedoms |w(CaOODSP)9.648907 |
| 776 | 0#|tThe Canadian Charter of Rights and Freedoms |w(CaOODSP)9.648908 |
| 776 | 0#|tCanadian Charter of Rights and Freedoms |w(CaOODSP)9.664683 |
| 776 | 0#|tLa Charte canadienne des droits et libertés |w(CaOODSP)9.682159 |
| 776 | 0#|tCanadian Charter of Rights and Freedoms.|w(CaOODSP)9.700116 |
| 776 | 0#|tLa Charte canadienne des droits et libertés |w(CaOODSP)9.682160 |
| 791 | |tCanadian Charter of Rights and Freedoms |eeng|w(CaOODSP)9.664647 |